| 000 | 00633cab a2200193 4500 | ||
|---|---|---|---|
| 001 | WB2640-46 | ||
| 008 | 090401t1990 xxu||||| |||| 00| 0 eng d | ||
| 035 | _a(Sirsi) u18687 | ||
| 041 | _aeng | ||
| 245 | _aRosehaugh reorganisation | ||
| 260 | _c1990 | ||
| 350 | _a0 | ||
| 490 |
_aIndependent on Sunday _v7/10/90 |
||
| 520 | _aLooks at the restructuring of property company Rosehaugh into three separate divisions retail , commercial amd residential . Profile of the owner Godfrey Bradman. | ||
| 650 | _aBRADMAN GODFREY | ||
| 690 | _aMANAGEMENT-BUSINESS MANAGEMENT-PROFESSIONAL PRACTICE | ||
| 942 | _n0 | ||
| 948 | _c04/03/1997 | ||
| 999 |
_c12438 _d12438 |
||